Score 0/18 Timer 03:00
4 Plays Today
Hint Number Hint % Correct
Answer:???
99.9%
Type '17' For Hint???
96.9%
Type '16' For Hint???
96.9%
Type '15' For Hint???
96.7%
Type '14' For Hint???
96.3%
Type '13' For Hint???
94.6%
Type '12' For Hint???
93.6%
Type '11' For Hint???
88.2%
Type '10' For Hint???
87.4%
Hint Number Hint % Correct
Type '9' For Hint???
85.8%
Type '8' For Hint???
75%
Type '7' For Hint???
50.9%
Type '6' For Hint???
38.4%
Type '5' For Hint???
32.3%
Type '4' For Hint???
29.9%
Type '3' For Hint???
26%
Type '2' For Hint???
18.7%
Type '1' For Hint???
10.3%

From the Vault

Literature Haikus

by HAM_007

Honestly, some of these books are far better condensed down into haiku form.
Remove Ads.
Support Sporcle.
Get the best of Sporcle when you Go Orange. This ad-free experience offers more features, more stats, and more fun while also helping to support Sporcle. Thank you for becoming a member.

Show Comments

Extras

Top Quizzes Today


Score Distribution

Your Account Isn't Verified!

In order to create a playlist on Sporcle, you need to verify the email address you used during registration. Go to your Sporcle Settings to finish the process.

Report this User

Report this user for behavior that violates our Community Guidelines.

Details: